Qui réside à ces célèbres adresses ? 6 - Statistiques

Statistiques générales
  • Ce quiz a été pris 15 fois
  • Le résultat moyen est 4 sur 15
Statistiques - réponses
Hint Réponse % Correct
Kremlin Président russe
92%
Casa Rosada Président argentin
58%
Bangabhaban Président bangladais
42%
Palais d'el-Orouba Président égyptien
25%
Palais Carondelet Président équatorien
25%
Palais Cotroceni Président roumain
25%
Palais de Kosyam Président burkinabé
17%
Palais du bord de mer Président gabonais
17%
Bessastaoir Président islandais
17%
Palacio de las Garzas Président panaméen
17%
Palais de Saadabad Président iranien
8%
Palais d'Iavoloha Président malgache
8%
Palais de Koulouba Président malien
0%
Villa Aso Président nigérian
0%
Istana Président singapourien
0%
Aucun quiz correspondant
Distribution des résultats
% des personnes avec chaque résultat
Percentile par nombre de réponses
Votre historique - résultats
Vous n’avez pas pris ce quiz